Normal view
MARC view
Entry Topical Term
001 - CONTROL NUMBER
- control field: 51319
003 - CONTROL NUMBER IDENTIFIER
- control field: ARRUPE
005 - DATE AND TIME OF LATEST TRANSACTION
- control field: 20220411122645.0
008 - FIXED-LENGTH DATA ELEMENTS
- fixed length control field: 220411|| aca||aabn | a|a d
040 ## - CATALOGING SOURCE
- Original cataloging agency: ARRUPE
- Transcribing agency: ARRUPE
150 ## - HEADING--TOPICAL TERM
- General subdivision: notebooks,sketchbooks,etc
- Chronological subdivision: 1596-1650
670 ## - SOURCE DATA FOUND
- Source citation: Work cat.: (ARRUPE)131300: Aczel D.Amir 51316, Descartes' secret notebook;, 2005.